Linear algebra with applications / (Record no. 18090)

MARC details
000 -LEADER
fixed length control field 00992nam a2200313 i 4500
003 - CONTROL NUMBER IDENTIFIER
control field EG-ScBUE
005 - DATE AND TIME OF LATEST TRANSACTION
control field 20260106102629.0
008 - FIXED-LENGTH DATA ELEMENTS--GENERAL INFORMATION
fixed length control field 140304t2009 cn a fr 001 0 eng d
020 ## - INTERNATIONAL STANDARD BOOK NUMBER
International Standard Book Number 9780070985100
020 ## - INTERNATIONAL STANDARD BOOK NUMBER
International Standard Book Number 0070985103
040 ## - CATALOGING SOURCE
Original cataloging agency EG-ScBUE
Language of cataloging eng
Description conventions rda
Transcribing agency EG-ScBUE
Modifying agency EG-ScBUE
082 04 - DEWEY DECIMAL CLASSIFICATION NUMBER
Edition number 22
Classification number 512.5
Item number NIC
100 1# - MAIN ENTRY--PERSONAL NAME
Personal name Nicholson, W. Keith,
Relator term author.
9 (RLIN) 35378
245 10 - TITLE STATEMENT
Title Linear algebra with applications /
Statement of responsibility, etc W. Keith Nicholson, University of Calgary.
250 ## - EDITION STATEMENT
Edition statement Sixth edition.
264 #1 - PUBLICATION, DISTRIBUTION, ETC. (IMPRINT)
Place of publication, distribution, etc Toronto, Canada :
Name of publisher, distributor, etc McGraw-Hill Ryerson,
Date of publication, distribution, etc [2009]
264 #4 - PUBLICATION, DISTRIBUTION, ETC. (IMPRINT)
Date of publication, distribution, etc c2009
300 ## - PHYSICAL DESCRIPTION
Extent x, 566 pages :
Other physical details illustrations ;
Dimensions 25 cm.
336 ## - CONTENT TYPE
Source rdacontent
Content type term text
Content type code txt
337 ## - MEDIA TYPE
Media type term unmediated
Source rdamedia
Media type code n
338 ## - CARRIER TYPE
Carrier type term volume
Carrier type code nc
Source rdacarrier
490 0# - SERIES STATEMENT
Series statement The McGraw-Hill Companies
500 ## - GENERAL NOTE
General note Includes appendix.
500 ## - GENERAL NOTE
General note Includes index.<br/>
650 #7 - SUBJECT ADDED ENTRY--TOPICAL TERM
9 (RLIN) 3439
Topical term or geographic name as entry element Algebras, Linear.
Source of heading or term BUEsh
653 ## - INDEX TERM--UNCONTROLLED
Resource For college Engineering, General
Arrived date list March2014
655 ## - INDEX TERM--GENRE/FORM
Form subdivision Reading book
9 (RLIN) 34232
942 ## - ADDED ENTRY ELEMENTS (KOHA)
Source of classification or shelving scheme Dewey Decimal Classification
Koha item type Book - Borrowing
Holdings
Withdrawn status Lost status Source of classification or shelving scheme Damaged status Not for loan Collection code Home library Current library Shelving location Date acquired Source of acquisition Cost, normal purchase price Total Checkouts Total Renewals Full call number Barcode Date last seen Date checked out Cost, replacement price Price effective from Koha item type
    Dewey Decimal Classification     Baccah Central Library Central Library First floor 04/03/2014   500.00 17 71 512.5 NIC 000035799 15/07/2025 03/10/2017 625.00 04/03/2014 Book - Borrowing
    Dewey Decimal Classification     Baccah Central Library Central Library First floor 04/03/2014   500.00 23 38 512.5 NIC 000035664 15/07/2025 06/05/2019 625.00 04/03/2014 Book - Borrowing
    Dewey Decimal Classification     Baccah Central Library Central Library First floor 04/03/2014 Purchase 500.00 20 50 512.5 NIC 000035665 11/06/2024 06/05/2019 625.00 04/03/2014 Book - Borrowing